000 00632nam a2200217 u 4500
005 20250221063815.0
008 170405s2005 mx r 000 0 spa d
020 _a9707760478
035 _aUPN01000217308
049 _aCG
050 4 _aHQ769
_bL6.2
100 1 _aLópez Rigo, Caterina
_940747
245 1 0 _aAprendiendo a ser padres :
_bmejores padres, mejores hijos /
_cCaterina López Rigo.
260 _aMéxico :
_bEmán,
_c2005.
300 _a127 p.
650 4 _aCrianza de niños
_96222
650 4 _aEducación familiar
_97274
650 4 _aVIDA FAMILIAR -
_xEDUCACION
_915116
905 _aLibro
999 _c189408
_d189408